Capitales mondiales les plus proches de Jakarta - Statistiques

Statistiques générales
  • Ce quiz a été pris 73 fois
  • Le résultat moyen est 15 sur 20
Statistiques - réponses
km capitale % Correct
2795 Manille
94%
2327 Bangkok
93%
1188 Kuala Lumpur
93%
3034 Hanoï
88%
1988 Phnom Penh
85%
898 Singapour
85%
5014 New Delhi
84%
2731 Vientiane
84%
5222 Pékin
78%
3829 Taipei
76%
2082 Dili
72%
4428 Katmandou
72%
3789 Dacca
69%
1528 Bandar Seri Begawan
68%
3328 Colombo
66%
3882 Malé
62%
4182 Thimphou
62%
4459 Port Moresby
60%
3121 Naypyidaw
57%
3441 Ngerulmud
21%
Aucun quiz correspondant
Distribution des résultats
% des personnes avec chaque résultat
Percentile par nombre de réponses
Votre historique - résultats
Vous n’avez pas pris ce quiz